All 50k+ Cities in Australia with a Map - Statistics

General Stats
  • This quiz has been taken 3,847 times
  • The average score is 17 of 28
Answers on the Map
Answers color-coded by a green-red scale on the quiz's map according to % correct below.
 
Answer Stats
Population City % Correct
4,321,534 Sydney
99%
4,196,201 Melbourne
98%
1,874,577 Perth
98%
1,165,639 Adelaide
96%
2,054,616 Brisbane
96%
432,141 Canberra
92%
118,452 Darwin
91%
178,005 Hobart
86%
600,334 Gold Coast
85%
144,733 Cairns
75%
322,279 Newcastle
70%
243,377 Sunshine Coast
63%
168,726 Townsville
62%
261,897 Wollongong
60%
157,103 Geelong
56%
75,328 Launceston
49%
93,761 Ballarat
42%
61,213 Rockhampton
42%
92,384 Bendigo
41%
100,032 Toowoomba
40%
307,740 Central Coast
39%
83,102 Albury
37%
75,704 Mackay
35%
71,094 Bunbury
29%
50,150 Bundaberg
27%
52,075 Hervey Bay
17%
78,019 Maitland
16%
54,455 Melton
15%
No matching quizzes found
Score Distribution
Percent of People with Each Score
Percentile by Number Answered
Your Score History
You have not taken this quiz